• 首页
  • 本馆介绍
  • 公告通知
  • 最新文献
  • 馆藏检索
  • 电子资源
  • 读者导购
  • 参考咨询
  • 我的图书馆
  • 登录
  • 详细信息显示
  • 放入我的书架
  • 预约/预借图书
  • 作者相关作品
  • 分类相关作品
  • 丛书相关作品
  • 出版社相关作品

书目信息

  • 表格格式
  • 工作单格式
  • 卡片格式
书名: Write your own horoscope
作者: [by] Joseph F. Goodavage.
分册号:
分册名:
出版地: [New York] :
 
出版社: New American Library
出版时间: [1968].
页数: 288 p. :
开本: 18 cm.
丛书名:
中图分类号:
科图分类号:
其他分类号: B99
主题词:
电子资源:
000 00893cam a22002771 450
001 E0737936062
005 20070521104002.40
008 700914s1968 nyua 000 0 eng
010    @a68018255
020    @a0451087232.
035    @A(DLC) 68018255
040    @aDLC@cDLC@dDLC
050 00 @aBF1701@b.G635 1968
051    @aCPB Box no. 1802 vol. 14
082 00 @a133.5/4
090    @aB99
099    @dB99@ex37
100 1  @aGoodavage, Joseph F.
245 10 @aWrite your own horoscope / @c[by] Joseph F. Goodavage.
260    @a[New York] :@bNew American Library,@c[1968].
300    @a288 p. :@billus. ;@c18 cm.
650  0 @aAstrology.
710 2  @aCopyright Paperback Collection (Library of Congress)@5 DLC
906    @a7@bcbc@corignew@du@encip@f19@gy-gencatlg
955    @avj00@hvj05 2001-11-16@evj05 2001-11-16
991    @bc-GenColl@hBF1701@i.G635 1968@p00017878876@tCopy 1@wBOOKS
    
    Write your own horoscope / / [by] Joseph F. Goodavage.-[New York] : : New American Library, , [1968].
    288 p. : : illus. ; ; 18 cm.
    
    
    ISBN 0451087232.
    
●
相关链接 在E读中查询图书 在五车中查询图书 在当当中查询图书 在豆瓣中查询图书


正题名:Write your own horoscope     索取号:B99/x37         预约/预借

序号 登录号 条形码 馆藏地/架位号 状态 备注
1 10430   300104303   第二样本阅览室/ [索取号:B99/x37] 在馆    
唐山师范学院图书馆 欢迎您!
大连网信软件有限公司© 版权所有